| 000 | 00699nam a2200217 i 4500 | ||
|---|---|---|---|
| 001 | 81003 | ||
| 003 | ES-MaACL | ||
| 005 | 20250824225600.0 | ||
| 007 | t| | ||
| 008 | 041102s1955 sp ||||1| spa d | ||
| 100 | 1 |
_aHorthy, Nikolaus von. _964267 |
|
| 245 | 1 | 0 |
_aMemorias / _cNikolaus von Horthy ; [traducción directa del alemán por Víctor Scholz]. |
| 250 | _a[1ª ed.]. | ||
| 260 |
_aBarcelona : _bA.H.R., _c[1955] ( _fImp. Juvenil) |
||
| 300 |
_a385 p., 4 lám. ; _c21 cm. |
||
| 490 | 1 | _aLibros que hacen historia | |
| 700 | 1 |
_aScholz, Víctor. _9104643 |
|
| 830 | 0 | 0 |
_aLibros que hacen historia (AHR) _9182055 |
| 852 |
_aES-MaACL _jC-10364 _bR.38317 |
||
| 999 |
_c81003 _d81003 |
||